A book of nonsense / (Record no. 102234)
[ view plain ]
| 000 -LEADER | |
|---|---|
| fixed length control field | 00568nam a2200169 a 4500 |
| 005 - DATE AND TIME OF LATEST TRANSACTION | |
| control field | 20140412111232.0 |
| 008 - FIXED-LENGTH DATA ELEMENTS--GENERAL INFORMATION | |
| fixed length control field | 020417s19uu xx 00 eng d |
| 050 ## - LIBRARY OF CONGRESS CALL NUMBER | |
| Classification number | M 821.8 |
| Item number | L2N4 1980 |
| 100 ## - MAIN ENTRY--PERSONAL NAME | |
| Personal name | Lear, Edward |
| 245 ## - TITLE STATEMENT | |
| Title | A book of nonsense / |
| Statement of responsibility, etc | by Edward Lear. |
| 260 ## - PUBLICATION, DISTRIBUTION, ETC. (IMPRINT) | |
| Place of publication, distribution, etc | New York : |
| Name of publisher, distributor, etc | A Studio Book/The Viking Press, |
| Date of publication, distribution, etc | 1980. |
| 300 ## - PHYSICAL DESCRIPTION | |
| Extent | [53] p. ; ill. |
| 440 ## - SERIES STATEMENT/ADDED ENTRY--TITLE | |
| Title | A studio book |
| 500 ## - GENERAL NOTE | |
| General note | Reprint of the 187-? ed. published by F. Warne, London, Scribner, Welford, New York; with new introd. |
| 650 ## - SUBJECT ADDED ENTRY--TOPICAL TERM | |
| Topical term or geographic name as entry element | Nonsense |
| General subdivision | verses |
| -- | English |
| Withdrawn status | Lost status | Damaged status | Use restrictions | Home library | Current library | Shelving location | Date acquired | Source of acquisition | Total Checkouts | Full call number | Barcode | Date last seen | Price effective from | Koha item type |
|---|---|---|---|---|---|---|---|---|---|---|---|---|---|---|
| Elizalde Library | Elizalde Library | Main Section | 04/17/2002 | M 821.8 L2N4 1980 | E0964 | 04/12/2014 | 04/12/2014 | Books |